000 00572nam a22001937a 4500
005 20241217155332.0
010 _aB-761472
020 _a9789358704648
_c425.00
035 _aB-761472
037 _bGift
082 _a485
100 _aWren, P.C.
_975290
245 _aWren & Martin Key to High School English;
_bGrammar & Composition/
_cP.C. Wren and H. Martin
260 _bS. Chand
_c2021
300 _a136p.
_c26cm(pb)
700 _aMartin, H.
_975291
942 _2ddc
_cCH
_mWRE
_h485
999 _c207770
_d207770